000 00495nam a22001817a 4500
003 NUST - PNEC
005 20170116181130.0
008 150912b xxu||||| |||| 00| 0 eng d
020 _a0070389330
040 _cLIBRARY
082 _a658.4038 LUC
100 _99401
_aBarrass, C. B.
245 _aThe analysis, design, and implementation of information systems
_c Henry C. Lucas
250 _a3rd ed.
260 _cc.1992
650 _99404
_aComputer programming
_xMIS
942 _2ddc
_cBK
999 _c69928
_d69928